000
00283nam a22001217a 4500
999
_c
153985
_d
153985
082
_a
_b
100
_a
Steve Seguis
245
_a
Microsoft windows server 2008 administration/
_c
by Steve Seguis.
260
_a
_b
Dreamtech,
_c
2008.
300
_a
485p.
650
_a
942
_c
BK